000 00671nam a2200229Ia 4500
003 OSt
005 20221002050645.0
006 a|||||r|||| 00| 0
007 ta
008 220930b |||||||| |||| 00| 0 hin d
024 _a17447
037 _cReference Collections
040 _aCRL
_cCRL
_bhin
041 _2hin
_ahin
082 _aNR2jN29, K8(RR)
100 _aSharan Rani
_9571593
245 0 _aSharan Rani Abhinandan Granth
_b Felicitation volume
260 _aNew Delhi
_bSharan Rani Abhinandan India India
_c1968
650 _aMUSIC
_917402
942 _hNR2jN29, K8(RR)
_cref
_2CC
999 _c915136
_d915136